000 00783nas a2200253 4500
001 BR2010002667
003 BR-BrBNA
005 20231205114240.0
007 ta
008 230509b bl.|||p| |||| 00| 00por d
040 _aBR-BrBNA
_bpor
_cBiblioteca Nacional de Agricultura
041 _a(Pt)
072 _aF04
100 1 _aBenedito, D. da S.
100 1 _aProchnow, L.I.
100 1 _aVerol, A.C.
100 1 _aToledo, M.C.M. de
245 1 _aEficiência agronômica de compostos organominerais obtidos pelo processo humifert
650 _aFERTILIZANTE FOSFATADO
650 _aMATÉRIA ORGÂNICA
773 0 _tBragantia (Brazil)
_xISSN 0006-8705
_g(Jan-Mar 2010), v. 69(1) p. 191-199
_wBR2010002667
909 _a202311
_bLúcia
_c55
_dLúcia Elande
942 _2AGRIS
_n0
_cANA
999 _c207825
_d207825